| 000 | 01043nam a2200265 i 4500 | ||
|---|---|---|---|
| 003 | DO-SdBNP | ||
| 005 | 20260521073717.0 | ||
| 007 | ta | ||
| 008 | 190813e2019 dr ad 000 spa d | ||
| 040 |
_aDO-SdBNP _dspa _bBNPHU _crda |
||
| 082 | 4 |
_222 _bG215p |
|
| 245 | 0 | 0 |
_aProyecto ciudadano : _bguía pedagógica. / _cNerys García Cuevas, Susana Doñé Corporán, prólogo, Mu-Kien Adriana Sang. |
| 264 |
_aSanto Domingo : _bPontificia Universidad Católica Madre y Maestra, _c2019 |
||
| 300 |
_a59 páginas ; _bIlustraciones, gráficas ; _c28 cm |
||
| 336 |
_2rdaconten _atexto _btxt |
||
| 337 |
_2rdamedia _asin medición _bn |
||
| 338 |
_2rdacarrier _avolumen _bnc |
||
| 500 | _aAdaptado para la República Dominicana | ||
| 590 | _aInventariado 2023 / MF | ||
| 700 | 1 |
_aGarcía, Nerys, _973529 _eadaptación |
|
| 700 | 1 |
_aDoñé Corporán, Susana, _936953 _eadaptación |
|
| 700 | 1 |
_aSang, Mu-Kien A. _d1955- _q(Mu-Kien Adriana) _eprólogo _9331 |
|
| 710 | 2 |
_aInstituto Federal de México _ecompilación de lecciones _983602 |
|
| 942 |
_2ddc _cLBS1 |
||
| 999 |
_c48783 _d48783 |
||